CONTINUOUS IMPROVEMENT TOOLS I (Record no. 13676)

MARC details
000 -LEADER
fixed length control field 00368nam a2200145Ia 4500
008 - FIXED-LENGTH DATA ELEMENTS--GENERAL INFORMATION
fixed length control field 240624s9999 xx 000 0 und d
041 ## - LANGUAGE CODE
Language code of text/sound track or separate title eng
082 ## - DEWEY DECIMAL CLASSIFICATION NUMBER
Classification number 658.5 CHA
100 ## - MAIN ENTRY--PERSONAL NAME
Personal name CHANG RICHARD Y
245 ## - TITLE STATEMENT
Title CONTINUOUS IMPROVEMENT TOOLS I
260 ## - PUBLICATION, DISTRIBUTION, ETC.
Date of publication, distribution, etc. 1998
Place of publication, distribution, etc. New Delhi
Name of publisher, distributor, etc. Wheeler Publishing
300 ## - PHYSICAL DESCRIPTION
Extent vii, : 97 : p. : cm. ; 23
365 ## - TRADE PRICE
Currency code RS
Price amount 30
440 ## - SERIES STATEMENT/ADDED ENTRY--TITLE
Volume/sequential designation 1
Holdings
Withdrawn status Lost status Damaged status Not for loan Home library Current library Shelving location Date acquired Source of acquisition Cost, normal purchase price Full call number Barcode Date last seen Copy number Price effective from Koha item type
        IMTN IMTN Rack 34-A 08/13/2009 PSBE 95.00 658.5 CHA 13676 06/24/2024 1 06/24/2024 Books
Designed & Maintained by: LRC IMT Nagpur Contact: lrc@imtnag.ac.in© 2024. All Rights Reserved.